Un Nuevo lx̌ico en la red

Bibliographic Details
Other Authors: Vilches Vivancos, Fernando, Albadalejo, Toms̀
Format: Book
Language:Spanish
Published: Madrid : Dykinson, DL 2011
Series:Nuevos discursos ; 4
Subjects:
Online Access:Acceso restringido

MARC

LEADER 00000nam a2200000 a 4500
005 20120913183059.0
007 cr|||| ||||
008 110607s2011 sp ||||| 100 0 spa|c
020 |a 9788499820002 
035 |a 5835 
040 |a vLex 
090 |c 3418  |d 3418 
245 0 3 |a Un Nuevo lx̌ico en la red  |h [Recurso electrn̤ico] /  |c Fernando Vilches (coordinador) ; Toms̀ Albaladejo ... [et al.] 
256 |a Servicio en ln̕ea 
260 |a Madrid :  |b Dykinson,  |c DL 2011 
300 |a 1 recurso electrn̤ico 
500 |a Supone ya el nm︢ero cuatro de la Coleccin̤ “Nuevos Discursos” y responde al esfuerzo de una serie de profesores que, aǫ tras aǫ, siguen investigando en los nuevos lenguajes de la Red, que no es ni ms̀ ni menos que investigar sobre el futuro de la Lengua Espaǫla… Cada aǫ se han fijado en un aspecto de la relacin̤ entre la lengua y las nuevas tecnologa̕s, concretamente, la atencin̤ se fij ̤en cuestiones relativas al nuevo lx̌ico que estas TIC estǹ proporcionando. Se espera que este granito de arena en un campo casi yermo y con mucho que explorar resulte de utilidad para estudiosos, curiosos y futuros investigadores sobre el apasionante mundo de las lenguas y su presencia constante en la red de redes, la Internet… 
506 1 |a contenido solo disponible en los productos indicados  |d vLex Global   |d vLex Global (Academic Edition, excluding Law Schools)   |d vLex Global (U.S. Academic Edition, Law Schools)   |d vLex Global (U.S. Academic Edition, excluding Law Schools)   |d vLex Global (Academic Edition, Law Schools)  
650 0 4 |a Lenguaje y internet 
650 0 4 |a Castellano  |x Neologismos 
650 0 4 |a Castellano  |x Errores de uso 
700 1 |a Vilches Vivancos, Fernando 
700 1 |a Albadalejo, Toms̀ 
740 0 |a vLex Libros (Servicio en ln̕ea) 
830 0 |a Nuevos discursos ;  |v 4 
856 4 0 |u http://vlex.com/source/nuevo-lexico-red-5835  |z Acceso restringido 
942 |c BOOK 
999 0 |a  Language and internet 
999 0 |a Words, New